| 000 -LEADER |
| fixed length control field |
01169nam a2200217Ia 4500 |
| 001 - CONTROL NUMBER |
| control field |
2191 |
| 003 - CONTROL NUMBER IDENTIFIER |
| control field |
GE_BSU |
| 005 - DATE AND TIME OF LATEST TRANSACTION |
| control field |
20221021102225.0 |
| 008 - FIXED-LENGTH DATA ELEMENTS--GENERAL INFORMATION |
| fixed length control field |
181216s1976ru xx |||||||||||||| ||rus|| |
| 040 ## - CATALOGING SOURCE |
| Transcribing agency |
GE_BSU |
| 041 ## - LANGUAGE CODE |
| Language code of text/sound track or separate title |
rus |
| 080 ## - UNIVERSAL DECIMAL CLASSIFICATION NUMBER |
| Universal Decimal Classification number |
81'38.811.161.1(075) C-31 |
| 100 ## - MAIN ENTRY--PERSONAL NAME |
| Personal name |
Сенкевич,М.П. |
| 9 (RLIN) |
15403 |
| 245 ## - TITLE STATEMENT |
| Title |
Стилистика научной речи и литературное редактирование научных произведении |
| Remainder of title |
Уч-к для студ. высш. учебн. завед. по спец."журналистика / |
| Statement of responsibility, etc. |
М.П. Сенкевич. |
| 264 ## - PRODUCTION, PUBLICATION, DISTRIBUTION, MANUFACTURE, AND COPYRIGHT NOTICE |
| Place of production, publication, distribution, manufacture |
Москва : |
| Name of producer, publisher, distributor, manufacturer |
Высшая школа, |
| Date of production, publication, distribution, manufacture, or copyright notice |
1976. |
| 300 ## - PHYSICAL DESCRIPTION |
| Extent |
261 стр.: |
| Other physical details |
21см. |
| 653 ## - INDEX TERM--UNCONTROLLED |
| keyword |
Стилистика научной речи и литературное редактирование научных произведении |
| 653 ## - INDEX TERM--UNCONTROLLED |
| keyword |
სამეცნიერო მეტყველების სტილისტიკა და სამეცნიერო შრომების ლიტერატურული რედაქტირება |
| 653 ## - INDEX TERM--UNCONTROLLED |
| keyword |
სტილისტიკა |
| 942 ## - ADDED ENTRY ELEMENTS (KOHA) |
| Koha item type |
წიგნი |
| Source of classification or shelving scheme |
|